| 000 | 01467cam a22002294a 4500 | ||
|---|---|---|---|
| 005 | 20250605164138.0 | ||
| 008 | 250528s ||||||||||||||||||||||||d | ||
| 035 | _a18838 | ||
| 020 | _a7040447 | ||
| 040 |
_aGR-AtMCL _bgre _dGR-AtMCL _eAACR2 |
||
| 245 | 1 | _aInternational Trade / Theory and Evidence | |
| 260 |
_bMcgraw Hill, Inc, _c1995 |
||
| 300 | _a472 | ||
| 520 | _aPreface, Technical Concepts and the Gains from Trade, Introduction, Supply and Production Possibilities, Preferences and Demand and Welfare, General Equilibrium in Open and Closed Economies, The Gains from Trade, Cause and Consequences of Trade, The Causes of International Trade, Differences in Technology, The Heckscher-Ohlin Model, The Specific-Factors Model, Government Policies as Determinants of Trade, Imperfect Competition as a Determinant of Trade and the Gains from Trade, Empirical Studies of Comparative Advantage Models, Trade Policy, Tariffs, Quotas and Other Nontariff Barriers, Preferential Trade Areas, The Political Economy of Trade Policy, Administered Protection, Factor Trade and Growth and the Theory of Direct Foreign Investment, Trade in Factors of Production, Direct Foreign Investment and Multinational Firms, Factor Accumulation and Intertemporal Trade, Index. | ||
| 700 | 1 |
_aKaempfer William H _95105 |
|
| 700 | 1 |
_aMarkusen James R _95106 |
|
| 700 | 1 |
_aMaskus Keith E _95107 |
|
| 700 | 1 |
_aMelvin James R _95108 |
|
| 942 | _cBK | ||
| 999 |
_c4150 _d4150 |
||